书目信息 |
| 题名: |
中国金融电子化全书 上册
|
|
| 作者: | 张福德 主编 | |
| 分册: | ||
| 出版信息: | 北京 企业管理出版社 1995.07 |
|
| 页数: | 801页 | |
| 开本: | 16开 | |
| 丛书名: | ||
| 单 册: | ||
| 中图分类: | F830.49-61 | |
| 科图分类: | ||
| 主题词: | 金融 , 银行 | |
| 电子资源: | ||
| ISBN: | 7-80001-587-4 | |
| 000 | 00605nam0 2200205 45 | |
| 001 | 0011171196 | |
| 005 | 20001117110149.0 | |
| 010 | @a7-80001-587-4@d168.00元 | |
| 100 | @a20001117d1995 km y0chiy0120 ea | |
| 101 | 0 | @achi |
| 105 | @a z 000yy | |
| 200 | 1 | @a中国金融电子化全书 上册@AZhong Guo Jin Rong Dian Zi Hua Quan Shu Shang Ce@f张福德主编@FZhang Fu De Zhu Bian |
| 210 | @a北京@c企业管理出版社@d1995.07 | |
| 215 | @a801页@d16开 | |
| 606 | 0 | @a金融 |
| 606 | 0 | @a银行 |
| 690 | @aF830.49-61@v3 | |
| 701 | 0 | @a张福德@4主编 |
| 801 | @aCN@bPftUser@c20001117 | |
| 905 | @b411237@dF830.49-61@eZH136:1@f1 | |
| 中国金融电子化全书 上册/张福德主编.-北京:企业管理出版社,1995.07 |
| 801页;16开 |
| ISBN 7-80001-587-4:168.00元 |
| ● |
| 相关链接 |
|
|
|
正题名:中国金融电子化全书上册
索取号:F830.49-61/ZH136:1
 
预约/预借
| 序号 | 登录号 | 条形码 | 馆藏地/架位号 | 状态 | 备注 |
| 1 | 411237 | 204112370 | 社科库409/409社科库 51排3列3层/ [索取号:F830.49-61/ZH136:1] | 在馆 |